Statistiques concernant Intercommunalités du Finistère

Cliquez ici pour prendre le quiz!

Statistiques générales

  • Ce quiz a été pris 31 fois
  • Le résultat moyen est 12 sur 21

Statistiques - réponses

Nombres de CommunesIntercommunalités% Correct
08Brest Métropole
100%
14Quimper Bretagne occidentale
93%
26Morlaix Communauté
90%
22Communauté d'agglomération du pays de Landerneau-Daoulas
77%
11 (dont 04 dans les Côtes-d'Armor)Poher communauté
77%
19Communauté de communes du Pays de Landivisiau
73%
09Concarneau Cornouaille Agglomération
73%
14Haut-Léon Communauté
73%
17Communauté de communes de Pleyben-Châteaulin-Porzay
70%
10Communauté de communes Presqu'île de Crozon-Aulne maritime
67%
16Quimperlé Communauté
67%
05Douarnenez Communauté
63%
12Communauté de communes du Pays Bigouden Sud
57%
11Communauté de communes de Haute Cornouaille
47%
10Communauté de communes Cap Sizun - Pointe du Raz
40%
13Communauté de communes du pays des Abers
37%
07Communauté de communes du Pays fouesnantais
30%
14Communauté Lesneven Côte des Légendes
30%
10Communauté de communes du Haut Pays Bigouden
27%
19Pays d'Iroise Communauté
27%
12Monts d'Arrée Communauté
23%

Distribution des résultats

Percentile par nombre de réponses

% des personnes avec chaque résultat

Votre développement - résultats

Vous n’avez pas pris ce quiz